000 00606nam a2200229 a 4500
001 BRCA_7005
005 20190320205657.0
008 231111s1950----gw-a######---#000-0#ger-#
041 _ager
044 _agw
050 4 _aSF431
_b.M44
_c1950
245 1 0 _aDressur-Anweisung fur Polizei-u Schutzhunde
_cJ. Meiners
250 _a5
260 _aFrankfurt, Alemania
_bKern & Birner
_c1950
300 _a108 p.
_bil.
_c22 cm.
500 _aCon una nota al final del libro
500 _aI165
650 1 4 _aPerros
_xadiestramiento
_917431
700 1 _aMeiners, J.
_917432
902 _aGFM
942 _2lcc
_cB
999 _c6686
_d6686